000 00636cam a22001814a 4500
005 20250605164402.0
008 250528s ||||||||||||||||||||||||d
035 _a24624
040 _aGR-AtMCL
_bgre
_dGR-AtMCL
_eAACR2
245 1 _aDonadio JR / Founder and President - Atlantic Wind Transfers
300 _a96
520 _aExecutive Achievement, View From the E.U., Eye on Energy, Upgrades and Downgrades, Offshore Wind, Logistics, Tugs and Barges, Satcom, Propulsion Systems, Reefer Ports.
700 1 _aMunoz Tony
_99497
942 _cCR
710 2 _aThe Maritime Executive
_99838
999 _c9493
_d9493